|
|
|
|
| LEADER |
00885nab#a2200313#ar4500 |
| 001 |
000095331 |
| 003 |
SVKKK |
| 005 |
20090504142120.0 |
| 008 |
050524c2007 xr e cze |
| FMT |
|
|
|
| 038 |
|
|
|a SVKKK
|
| 040 |
|
|
|a SVKKK
|b slo
|e AACR2
|
| 041 |
0 |
|
|a cze
|a rom
|
| 044 |
|
|
|a xr
|c CZ
|
| 080 |
|
|
|a 821.214.58
|2 1997
|
| 080 |
|
|
|a 929 Demeter, Gejza
|2 1997
|
| 100 |
1 |
|
|a Demeter, Gejza
|4 aut
|4 trl
|
| 242 |
1 |
0 |
|a Čukčovo velké neštěstí
|y slo
|
| 245 |
1 |
0 |
|a Le Čukčuskeri bari bibacht
|c Gejza Demeter
|
| 600 |
1 |
4 |
|a Demeter, Gejza
|d 1947-
|x spisovateľ, novinár
|z Ústí nad Labem (Česko)
|x rodák
|z Neratovice (Česko)
|x pôsobenie
|
| 650 |
0 |
4 |
|a rómska literatúra
|x poviedky
|x texty
|
| 773 |
0 |
|
|t Romano džaniben
|x 1210-8545
|g Jevend (2007), s. 147-155
|
| 958 |
|
|
|a RQ
|
| 958 |
|
|
|a BC
|
| 974 |
|
|
|a Fav
|
| 992 |
|
|
|a RBX
|
| BAS |
|
|
|
| 852 |
|
|
|a SVKKK
|b BIB
|
| 998 |
|
|
|a ROM
|